00474nam a2200193Ia 4500003000400000005001700004008004100021020002200062024000700084040000700091041000800098082001600106100002600122245002200148260004100170300001600211365001400227650003900241OSt20230605110301.0210423s2016 xx 000 0 und d a978-81-8387-761-9 cAL cAL aeng a362.73 SINH aSINGH (Godwin Prem J) aHomeless children aNew DelhibSerial Publicationsc2016 axxi,321bHB b1195cINR aSocial Welfare Problems & Services